Environmental Odour (Record no. 29004)

MARC details
000 -LEADER
fixed length control field 01204nam a2200133Ia 4500
008 - FIXED-LENGTH DATA ELEMENTS--GENERAL INFORMATION
fixed length control field 220620s9999||||xx |||||||||||||| ||und||
020 ## - INTERNATIONAL STANDARD BOOK NUMBER
International Standard Book Number 9783040000000
245 #0 - TITLE STATEMENT
Title Environmental Odour
546 ## - LANGUAGE NOTE
Language note English[eng]
650 ## - SUBJECT ADDED ENTRY--TOPICAL TERM
Topical term or geographic name entry element environmental odour||emission||annoyance||separation distance||dispersion models||empirical equations||odour||dispersion modelling||wastewater treatment||odour impact criteria||separation distances||odour legislation||air quality||air pollution||odor||smell||odour units||agriculture||environmental regulations||policy||VOC||GC-QTOF-MS||GC-IMS||wastewater treatment plant||air dispersion model||dose–response relationship||odor impact criterion (OIC)||perception-related odor exposure||wastewater treatment plant (WWTP)||Odors||Odor Patrol||Odor Profile Method||monitoring Odors||field inspection||odour impact||odour modelling||olfactometry||proficiency test||bench loop||n-butanol||sampling uncertainties||odorants||SOAV||OTV||livestock||odour dispersion modelling||climate change||stability classification||n/a
700 ## - ADDED ENTRY--PERSONAL NAME
Personal name Schauberger, Günther||Piringer, Martin||Wu, Chuandong||Koziel, Jacek
856 ## - ELECTRONIC LOCATION AND ACCESS
Uniform Resource Identifier <a href="https://mdpi.com/books/pdfview/book/4973">https://mdpi.com/books/pdfview/book/4973</a>
942 ## - ADDED ENTRY ELEMENTS (KOHA)
Koha item type E-Books
Holdings
Withdrawn status Lost status Damaged status Not for loan Home library Current library Date acquired Total Checkouts Date last seen Price effective from Koha item type
        Kerala University of Digital Sciences, Innovation and Technology Knowledge Centre Kerala University of Digital Sciences, Innovation and Technology Knowledge Centre 20/06/2022   20/06/2022 20/06/2022 E-Books